000 00577nam a2200181Ia 4500
005 20250508152716.0
008 008 250505s9999 xx 000 0 eng d
037 _aTextual
040 _aFEDL
_beng
_cFEDL
041 _aeng
_2eng
084 _a371.4, HIN
_qFEDL
245 0 _aSeventh all India basic education conference March 3-5-1951 : Resoultions and findings
260 _aWardha, India
_bHindustani Talimi Sangh
300 _a31p.
650 _aEducational - Guidance and Counciling
_9757691
942 _cTEXL
_h371.4, HIN
999 _c1338214
_d1338214